01923nam a22004457a 4500001001000000003000500010005001700015008004100032010001100073011001100084035001100095040000900106090001000115100004100125245016600166260004100332500006000373502007700433590003700510590004100547590004100588590004100629590004100670590004100711590004200752590004100794650002000835650001900855650002400874650003600898856006400934901000700998942000901005942000601014949006901020949007401089999001901163952015001182952014501332000106171CHAP20220817044511.0111205s2011 mx r 00010 spa d a102633 a103605 a114294 cCHAP aTesis1 aMartínez Méndez, Yosinia.97229210aProgramación de trasplante de zarzamora (Rubus ulmifolius) bajo producción forzada en Los Reyes, Michoacánh[En línea]c/por Yosinia Martínez Méndez. aChapingo, Méx. :bEl autor,c2011. aPara ver el contenido del material haga clic en la liga aTesis (Ing. Agr. Esp. en Fitotecnia) -- UACH. Departamento de Fitotecnia aALEPHb10c20130110lUCH01h1543 aBATCH-UPDb10c20130110lUCH01h0936 aBATCH-UPDb10c20130410lUCH01h0541 aBATCH-UPDb10c20130914lUCH01h1801 aBATCH-UPDb10c20140324lUCH01h1529 aBATCH-UPDb10c20141002lUCH01h0852 aCONVERSIONb10c20130109lUCH01h1356 aE11695DGDb10c20141006lUCH01h113914aProgramación.14aRubus.910051214aTrasplante.911467414aZarzamoraxMichoacán.9123740 3Finding aiduhttp://10.13.5.2/tesis/114294.pdfzTeclea aqui aBK cFOLL n0 aTesisbBCcTESd33724002314884eTS1gDonaciØnh53112i114294st aTesisbBCcTESd33724002314926eTS2fc.2gDonaciØnh53113i114294st c102633d102633 00102local4053708TESISaBCbBCcPA_TESISd2019-12-31eDonacionfTESISl0oTesisp33724002314926r2019-12-31 00:00:00tc.2w2019-12-31yTESIS 00102local4051708TESISaBCbBCcPA_TESISd2019-12-31eDonacionfTESISl0oTesisp33724002314884r2019-12-31 00:00:00w2019-12-31yTESIS